Dr. B. R. Ambedkar (Record no. 93704)
[ view plain ]
| 000 -LEADER | |
|---|---|
| fixed length control field | 00538nam a2200205Ia 4500 |
| 005 - DATE AND TIME OF LATEST TRANSACTION | |
| control field | 20230417170332.0 |
| 008 - FIXED-LENGTH DATA ELEMENTS--GENERAL INFORMATION | |
| fixed length control field | 230125s9999 xx 000 0 und d |
| 020 ## - INTERNATIONAL STANDARD BOOK NUMBER | |
| International Standard Book Number | 9788189297381 |
| 041 ## - LANGUAGE CODE | |
| Language code of text/sound track or separate title | eng |
| 082 ## - DEWEY DECIMAL CLASSIFICATION NUMBER | |
| Classification number | 920.71 |
| Item number | SIN |
| 100 ## - MAIN ENTRY--PERSONAL NAME | |
| Author | Singh V P |
| 245 ## - TITLE STATEMENT | |
| Title | Dr. B. R. Ambedkar |
| Remainder of title | Pillar of Unity |
| 260 ## - PUBLICATION, DISTRIBUTION, ETC. | |
| Date of publication, distribution, etc. | 2008 |
| Name of publisher, distributor, etc. | Vijay Goel |
| Place of publication, distribution, etc. | Delhi |
| 300 ## - PHYSICAL DESCRIPTION | |
| Extent | 152p |
| 500 ## - GENERAL NOTE | |
| Keywords | Biography;Biography-Men |
| 650 ## - SUBJECT ADDED ENTRY--TOPICAL TERM | |
| Topical term or geographic name entry element | Biography;Biography-Men |
| 700 ## - ADDED ENTRY--PERSONAL NAME | |
| Personal name | Singh V P & Sudhir Tilloo, Donor |
| 942 ## - ADDED ENTRY ELEMENTS (KOHA) | |
| Koha item type | Donated Book |
| 906 ## - LOCAL DATA ELEMENT F, LDF (RLIN) | |
| b | 125 |
| Withdrawn status | Lost status | Damaged status | Not for loan | Home library | Current library | Date acquired | Vendor | Net Price | Full call number | Barcode | Date last seen | Actual Price | Bill Date | Koha item type | Original Barcode |
|---|---|---|---|---|---|---|---|---|---|---|---|---|---|---|---|
| Smt. Hiraben Nanavati Institute of Management & Research for Women | Smt. Hiraben Nanavati Institute of Management & Research for Women | 23/06/2015 | Donated Book- Outside Donar | 250.00 | 920.71 SIN DB2105 | HIMR-DB-2105 | 25/01/2023 | 125.00 | 25/01/2023 | Donated Book | DB2105 |